Principles of Inorganic and Theoretical Chemistry (Record no. 6358)
[ view plain ]
| 000 -LEADER | |
|---|---|
| fixed length control field | 00627nam a22002177a 4500 |
| 003 - CONTROL NUMBER IDENTIFIER | |
| control field | OSt |
| 005 - DATE AND TIME OF LATEST TRANSACTION | |
| control field | 20191025121009.0 |
| 008 - FIXED-LENGTH DATA ELEMENTS--GENERAL INFORMATION | |
| fixed length control field | 191025b ||||| |||| 00| 0 eng d |
| 020 ## - INTERNATIONAL STANDARD BOOK NUMBER | |
| International Standard Book Number | 0435667475 |
| 040 ## - CATALOGING SOURCE | |
| Transcribing agency | DDC |
| 082 ## - DEWEY DECIMAL CLASSIFICATION NUMBER | |
| Classification number | 546 RAW 1974 |
| 100 ## - MAIN ENTRY--PERSONAL NAME | |
| Personal name | Rawcliffe, C.T.; Rawson D.H. |
| 9 (RLIN) | 12996 |
| 245 ## - TITLE STATEMENT | |
| Title | Principles of Inorganic and Theoretical Chemistry |
| 250 ## - EDITION STATEMENT | |
| Edition statement | 2nd ed. |
| 260 ## - PUBLICATION, DISTRIBUTION, ETC. (IMPRINT) | |
| Place of publication, distribution, etc. | London; |
| Name of publisher, distributor, etc. | Heinemann Educational Books, |
| Date of publication, distribution, etc. | 19974 |
| 300 ## - PHYSICAL DESCRIPTION | |
| Extent | ix,477p; |
| Other physical details | Ill: |
| Dimensions | 25cm |
| 504 ## - BIBLIOGRAPHY, ETC. NOTE | |
| Bibliography, etc | Bibliography & index included |
| 650 ## - SUBJECT ADDED ENTRY--TOPICAL TERM | |
| Topical term or geographic name as entry element | Inorganic chemistry |
| 9 (RLIN) | 799 |
| 650 ## - SUBJECT ADDED ENTRY--TOPICAL TERM | |
| Topical term or geographic name as entry element | Theoretical chemistry |
| 9 (RLIN) | 12997 |
| 942 ## - ADDED ENTRY ELEMENTS (KOHA) | |
| Source of classification or shelving scheme | Dewey Decimal Classification |
| Koha item type | Book Bank |
| Withdrawn status | Lost status | Source of classification or shelving scheme | Damaged status | Not for loan | Home library | Current library | Date acquired | Source of acquisition | Inventory number | Total Checkouts | Full call number | Barcode | Date last seen | Date last checked out | Koha item type |
|---|---|---|---|---|---|---|---|---|---|---|---|---|---|---|---|
| Dewey Decimal Classification | MUST Main Library | MUST Main Library | 25/10/2019 | Donation | 957 | 1 | 546 RAW 1974 | 2019-0564 | 09/11/2019 | 25/10/2019 | Open Shelf |
